[Event "II LIGA CENTRALNE SRBIJE-ISTOK"]
[Site "Leskovac"]
[Date "2014.09.25"]
[Round "1.4"]
[White "Djordjevic, Vuk **"]
[Black "Petrovic, Dragan R"]
[Result "1-0"]
[WhiteElo "2265"]
[BlackElo "2157"]
[PlyCount "109"]
[EventDate "2014.09.25"]

1. e4 d6 2. d4 g6 3. Nf3 Bg7 4. Nc3 Nf6 5. Be2 O-O 6. O-O b6 7. Be3 Bb7 8. Nd2
e6 9. Bf3 Nbd7 10. g3 e5 11. Bg2 Re8 12. Re1 Ng4 13. d5 Nxe3 14. Rxe3 a6 15. a4
Bh6 16. Re1 Rf8 17. a5 b5 18. Na2 f5 19. Nb4 Nf6 20. exf5 gxf5 21. Nf3 f4 22.
Nh4 Bc8 23. Nc6 Qe8 24. Nd4 fxg3 25. fxg3 Ng4 26. Ndf5 Rxf5 27. Qxg4+ Rg5 28.
Qe2 Bg4 29. Qd3 Qe7 30. Rf1 Rg7 31. Nf5 Bxf5 32. Rxf5 Rf8 33. Bh3 Rxf5 34. Bxf5
Qe8 35. Be6+ Kh8 36. Qf5 Re7 37. Rf1 Bg7 38. Bf7 Qa8 39. Qg5 Qd8 40. Be6 Qe8
41. Qh4 Bf8 42. b3 Rg7 43. Qf6 Be7 44. Qf2 Qb8 45. Qe3 Bg5 46. Qf3 Be7 47. Kh1
Qa8 48. Qc3 Qb7 49. Qf3 Qa8 50. Qe4 Qe8 51. Rf5 Bd8 52. Qf3 Be7 53. Qc3 Bd8 54.
Qc6 Qe7 55. Qxa6 1-0

[Event "II LIGA CENTRALNE SRBIJE-ISTOK"]
[Site "Leskovac"]
[Date "2014.09.25"]
[Round "1.4"]
[White "Kraguljac, Pero"]
[Black "Popchev, Milko"]
[Result "1/2-1/2"]
[WhiteElo "2128"]
[BlackElo "2240"]
[PlyCount "23"]
[EventDate "2014.09.25"]

1. Nf3 d6 2. g3 e5 3. d3 f5 4. Bg2 Nf6 5. O-O g6 6. c3 Bg7 7. Nbd2 e4 8. dxe4
fxe4 {...} 9. Nxe4 Nbd7 10. Nfg5 Qe7 11. Nxf6+ Nxf6 12. Ne4 1/2-1/2

[Event "II LIGA CENTRALNE SRBIJE-ISTOK"]
[Site "Leskovac"]
[Date "2014.09.25"]
[Round "1.4"]
[White "Kostic, Nebojsa"]
[Black "Lukic, Igor M"]
[Result "1-0"]
[WhiteElo "2267"]
[BlackElo "2099"]
[PlyCount "95"]
[EventDate "2014.09.25"]

1. c4 e5 2. Nc3 d6 3. g3 g6 4. Bg2 Bg7 5. d3 f5 6. Rb1 Nf6 7. b4 c6 8. Nf3 O-O
9. O-O h6 10. b5 Be6 11. bxc6 bxc6 12. Ba3 Qc7 13. Qa4 Rd8 14. Rfc1 g5 15. Nd2
Bf8 16. Rb3 Bc8 17. Rcb1 Rd7 18. Bb4 a5 19. Ba3 Kh8 20. Rb6 Rd8 21. Bxc6 Nxc6
22. Qxc6 Qxc6 23. Rxc6 Bd7 24. Rcb6 Ne8 25. f3 Kg8 26. e4 f4 27. Kf2 Kf7 28.
Rb7 Ke6 29. R1b6 Rdc8 30. Rb1 Bc6 31. R7b6 Be7 32. Nd5 Bd8 33. R6b2 Ra6 34. Ke2
Nf6 35. gxf4 gxf4 36. Rg1 Be8 37. Rb7 Nd7 38. Rg8 Bf7 39. Rh8 h5 40. Rh7 Be8
41. Nb1 Raa8 42. Nbc3 Rab8 43. Ra7 Ra8 44. Rh6+ Kf7 45. Rxa8 Rxa8 46. Rh8 Nf6
47. Bxd6 Kg7 48. Rf8 1-0

[Event "II LIGA CENTRALNE SRBIJE-ISTOK"]
[Site "Leskovac"]
[Date "2014.09.25"]
[Round "1.4"]
[White "Nadj, Vanja"]
[Black "Kulak, Dejan"]
[Result "0-1"]
[WhiteElo "1979"]
[BlackElo "2254"]
[PlyCount "82"]
[EventDate "2014.09.25"]

1. e4 Nf6 2. e5 Nd5 3. Nf3 d6 4. d4 g6 5. Be2 Bg7 6. O-O O-O 7. h3 Nc6 8. c4
Nb6 9. Bf4 dxe5 10. dxe5 Be6 11. Na3 h6 12. Qc1 g5 13. Rd1 Qc8 14. Bg3 a6 15.
Qe3 f5 16. exf6 exf6 17. Bxc7 Na4 18. Bh2 f5 19. Rab1 f4 20. Qb3 Nc5 21. Qb6
Na4 22. Qb3 b5 23. Rd6 Nc5 24. Qd1 Ne4 25. Rxe6 Qxe6 26. cxb5 axb5 27. Bxb5 Ne5
28. Nxe5 Qxe5 29. Qe2 Nd6 30. Qxe5 Bxe5 31. Bc6 Ra5 32. f3 Rb8 33. Nc2 Rxb2 34.
Rxb2 Bxb2 35. Bd7 Kf7 36. a4 Ke7 37. Bc6 Rc5 38. Nb4 Ba3 39. Nd5+ Ke6 40. Ba8
Rc8 41. Nb6 Bc5+ 0-1

[Event "II LIGA CENTRALNE SRBIJE-ISTOK"]
[Site "Leskovac"]
[Date "2014.09.25"]
[Round "1.4"]
[White "Djordjevic, Nebojsa"]
[Black "Majstorovic, Dusan"]
[Result "1-0"]
[WhiteElo "2280"]
[BlackElo "1969"]
[PlyCount "155"]
[EventDate "2014.09.25"]

1. d4 d5 2. c4 e6 3. e3 Nf6 4. Nf3 Bb4+ 5. Bd2 Bxd2+ 6. Nbxd2 O-O 7. Qc2 Nc6 8.
a3 Qe7 9. b4 a6 10. Be2 Bd7 11. O-O Rac8 12. Rfe1 e5 13. b5 axb5 14. cxb5 Na7
15. dxe5 Ng4 16. Qb2 Rfe8 17. Qd4 c5 18. bxc6 Nxc6 19. Qxd5 Ngxe5 20. Nxe5 Nxe5
21. Qxb7 Rb8 22. Qe4 Bc6 23. Qf4 Ra8 24. Nc4 Nxc4 25. Bxc4 Ra4 26. Rec1 Bd5 27.
Qd4 Bxc4 28. Rxc4 Rxa3 29. Rac1 Rd8 30. Qg4 Rad3 31. h3 g6 32. Qf3 Kg7 33. g4
Qf6 34. Qxf6+ Kxf6 35. Kg2 R8d7 36. h4 Ra7 37. Kf3 Rdd7 38. Rc5 Kg7 39. h5 Rd6
40. Rh1 h6 41. hxg6 Rxg6 42. Kg3 Re7 43. Re1 Rg5 44. Rec1 Ree5 45. Rxe5 Rxe5
46. Rc3 Re6 47. f4 Ra6 48. e4 Ra1 49. e5 Ra7 50. Kf3 Rb7 51. Rc4 Ra7 52. f5 Ra5
53. Kf4 Ra7 54. Re4 Ra6 55. Kg3 Ra1 56. Rd4 Re1 57. Kf4 Rf1+ 58. Ke4 Re1+ 59.
Kd5 Ra1 60. Kd6 Ra6+ 61. Ke7 Ra5 62. e6 fxe6 63. fxe6 Ra6 64. Rd6 Ra4 65. Ke8
Rxg4 66. e7 Re4 67. Rd1 Kf6 68. Kf8 Kg5 69. Rd5+ Kg4 70. Rd4 Rxd4 71. e8=Q Rf4+
72. Kg7 h5 73. Qe2+ Kh4 74. Kg6 Rg4+ 75. Kh6 Rf4 76. Qh2+ Kg4 77. Qg2+ Kf5 78.
Kxh5 1-0

[Event "II LIGA CENTRALNE SRBIJE-ISTOK"]
[Site "Leskovac"]
[Date "2014.09.25"]
[Round "1.4"]
[White "Vidanovic, Ljubisa"]
[Black "Bozilov, Dragan**"]
[Result "1-0"]
[WhiteElo "1816"]
[BlackElo "1954"]
[PlyCount "143"]
[EventDate "2014.09.25"]

1. d4 c6 2. Nc3 d5 3. e4 dxe4 4. Nxe4 Nf6 5. Nxf6+ exf6 6. Be2 Bd6 7. Be3 O-O
8. Qd2 Qc7 9. h3 Re8 10. O-O-O f5 11. g3 Be6 12. Kb1 Nd7 13. c4 Nf6 14. Bd3 b5
15. c5 Bf8 16. Ne2 Bd5 17. Rhg1 Be4 18. Nc3 Rad8 19. Qc2 Qd7 20. Bxe4 Nxe4 21.
Ne2 a5 22. h4 a4 23. Nf4 Nf6 24. Rge1 Nd5 25. Nxd5 Qxd5 26. b3 a3 27. h5 Be7
28. Bf4 Bf6 29. Be5 Bxe5 30. dxe5 Rxe5 31. Rxe5 Qxd1+ 32. Qxd1 Rxd1+ 33. Kc2
Rd8 34. Rxf5 Re8 35. Kd3 Re1 36. Rf3 Ra1 37. Re3 Kf8 38. Re2 Rh1 39. Kc3 Rxh5
40. Kb4 Rd5 41. Rc2 h5 42. Kxa3 Rd4 43. Re2 g5 44. Kb2 b4 45. a3 bxa3+ 46. Kxa3
Rd3 47. Ka4 h4 48. gxh4 gxh4 49. Re4 h3 50. Rh4 Ke7 51. b4 Kf6 52. Ka5 Kg5 53.
Rh8 Kg4 54. Kb6 Rb3 55. Rg8+ Kf4 56. Kxc6 Rxb4 57. Rg3 Rb2 58. Rxh3 Rxf2 59.
Rc3 f5 60. Kd6 Rd2+ 61. Ke6 Re2+ 62. Kf6 Re8 63. c6 Rc8 64. Rc4+ Ke3 65. Rc1
Kd2 66. Rc5 Kd3 67. Ke6 Kd4 68. Rc1 Rh8 69. Kd6 Rh6+ 70. Kc7 Rh7+ 71. Kb8 Rh8+
72. Kb7 1-0

[Event "II LIGA CENTRALNE SRBIJE-ISTOK"]
[Site "Leskovac"]
[Date "2014.09.25"]
[Round "1.4"]
[White "Jonic, Vladimir"]
[Black "Pavlovic, Branka *"]
[Result "1-0"]
[WhiteElo "2192"]
[BlackElo "1829"]
[PlyCount "97"]
[EventDate "2014.09.25"]

1. e4 c5 2. Nf3 d6 3. d4 cxd4 4. Nxd4 Nf6 5. Nc3 g6 6. Be3 Bg7 7. f3 Nc6 8. Qd2
O-O 9. Bc4 Bd7 10. Bb3 Rc8 11. O-O-O Ne5 12. Bh6 Bxh6 13. Qxh6 Rxc3 14. bxc3
Qa5 15. Qe3 Rc8 16. Kd2 Ba4 17. h4 Nc4+ 18. Bxc4 Rxc4 19. Rb1 b6 20. Rb4 Rxb4
21. cxb4 Qxb4+ 22. Qc3 Qxc3+ 23. Kxc3 Nh5 24. Rb1 Nf4 25. g3 Ne6 26. Nxe6 fxe6
27. Rb4 Be8 28. Rc4 Kf7 29. Rc7 a5 30. Kd4 h5 31. c4 b5 32. c5 dxc5+ 33. Rxc5
Kf6 34. Rg5 a4 35. a3 e5+ 36. Rxe5 Bf7 37. Rxb5 Bb3 38. Rxb3 axb3 39. Kc3 g5
40. hxg5+ Kxg5 41. Kxb3 e5 42. a4 h4 43. gxh4+ Kxh4 44. a5 Kg3 45. a6 Kxf3 46.
a7 Kxe4 47. a8=Q+ Kf4 48. Kc3 Ke3 49. Qd5 1-0

[Event "II LIGA CENTRALNE SRBIJE-ISTOK"]
[Site "Leskovac"]
[Date "2014.09.25"]
[Round "1.4"]
[White "Jankovic, Uros **"]
[Black "Stoimenov, Roki"]
[Result "0-1"]
[WhiteElo "1741"]
[BlackElo "2020"]
[PlyCount "70"]
[EventDate "2014.09.25"]

1. e4 e6 2. d4 d5 3. Nc3 dxe4 4. Nxe4 Bd7 5. Nf3 Bc6 6. Ned2 Nf6 7. Bd3 Bd6 8.
O-O O-O 9. c3 Nbd7 10. h3 e5 11. Re1 Re8 12. Bc4 exd4 13. Nxd4 Rxe1+ 14. Qxe1
Ne5 15. Nxc6 bxc6 16. Bf1 Qd7 17. Nb3 Re8 18. Be3 Qf5 19. Nd4 Qg6 20. Qb1 Ne4
21. Qc2 c5 22. Qa4 c6 23. Nxc6 Nf3+ 24. Kh1 Ng3+ 25. fxg3 Qxg3 26. Bg1 Nxg1 27.
Kxg1 Qh2+ 28. Kf2 Bg3+ 29. Kf3 Qg1 30. Kxg3 Re3+ 31. Kg4 Qf2 32. Ne7+ Rxe7 33.
g3 h5+ 34. Kg5 Re5+ 35. Kh4 Qf6# 0-1